Walking Across Countries #1 - Sudden Death - Statistics

General Stats
  • This quiz has been taken 1,333 times
    714 since last reset
  • The average score is 15 of 36
Answers on the Grid
Answers color-coded by a green-red scale on the quiz's grid according to % correct below.
Start here
Portugal
Spain
United Kingdom
Slovakia
Poland
Algeria
France
Germany
Austria
Belarus
Belgium
Greece
Albania
Luxembourg
Ukraine
Russia
Turkey
Montenegro
Serbia
Romania
Sweden
Syria
Israel
Cyprus
Azerbaijan
Estonia
Armenia
Jordan
Saudi Arabia
Kuwait
Kazakhstan
Turkmenistan
Afghanistan
Iran
Iraq
Kyrgyzstan
China
Qatar
Myanmar
Laos
Mongolia
Nepal
India
Bangladesh
Thailand
Brunei
East Timor
End here Papua New Guinea
Indonesia
Malaysia
 
Answer Stats
Answer % Correct
Spain
99%
Start here
Portugal
91%
France
91%
Germany
79%
Austria
63%
Poland
55%
Belarus
52%
Ukraine
49%
Slovakia
45%
Romania
43%
Serbia
40%
Turkey
40%
Greece
38%
Montenegro
38%
Albania
37%
Syria
37%
Afghanistan
32%
Israel
31%
Jordan
31%
Iran
30%
End here Papua New Guinea
30%
Saudi Arabia
30%
Indonesia
29%
Malaysia
29%
Thailand
29%
Turkmenistan
29%
Iraq
28%
China
27%
India
27%
Kazakhstan
27%
Bangladesh
26%
Kuwait
26%
Kyrgyzstan
26%
Myanmar
25%
Nepal
25%
Laos
23%
No matching quizzes found
Score Distribution
Percent of People with Each Score
Percentile by Number Answered
Your Score History
You have not taken this quiz since the last reset